000 003430000a22001450004500
001 000264
003 MACL
040 _aMACL
090 _c264
_d264
100 _aDeogaonkar, S.G.
245 _aParliamentary System in India
_cS.G. Deogaonkar
260 _aConcept Publishing Company,
_c1997
650 _aPolitical Science
942 _k328
_cBook
999 _c49571
_d49571